The cuboctahedric Higgs oscillator from the rational Calogero model; Journal of Physics A: Mathematical and Theoretical; Vol. 40, iss. 20

Bibliografiske detaljer
Parent link:Journal of Physics A: Mathematical and Theoretical: Scientific Journal
Vol. 40, iss. 20.— 2009.— [205206, 12 p.]
Hovedforfatter: Akopyan (Hakobyan) T. S. Tigran Stepanovich
Andre forfattere: Nersessian A. P. Armen Petrosovich, Yeghikyan V. Vahagn
Summary:Title screen
We exclude the center of mass of the N-particle rational Calogero model and consider the angular part of the resulting Hamiltonian. We show that it describes the motion of the particle on an (N - 2)-dimensional sphere interacting with N(N - 1)/2 force centers with Higgs oscillator potential. In the case of a four-particle system, these force centers define the vertexes of an Archimedean solid called a cuboctahedron.
Режим доступа: по договору с организацией-держателем ресурса
Sprog:engelsk
Udgivet: 2009
Fag:
Online adgang:http://dx.doi.org/10.1088/1751-8113/42/20/205206
Format: MixedMaterials Electronisk Book Chapter
KOHA link:https://koha.lib.tpu.ru/cgi-bin/koha/opac-detail.pl?biblionumber=641450

MARC

LEADER 00000naa0a2200000 4500
001 641450
005 20250327161637.0
035 |a (RuTPU)RU\TPU\network\6367 
035 |a RU\TPU\network\6358 
090 |a 641450 
100 |a 20150520d2009 k||y0rusy50 ba 
101 0 |a eng 
102 |a US 
135 |a drcn ---uucaa 
181 0 |a i  
182 0 |a b 
200 1 |a The cuboctahedric Higgs oscillator from the rational Calogero model  |f T. S. Akopyan (Hakobyan), A. P. Nersessian, V. Yeghikyan 
203 |a Text  |c electronic 
300 |a Title screen 
320 |a [References: 42 tit.] 
330 |a We exclude the center of mass of the N-particle rational Calogero model and consider the angular part of the resulting Hamiltonian. We show that it describes the motion of the particle on an (N - 2)-dimensional sphere interacting with N(N - 1)/2 force centers with Higgs oscillator potential. In the case of a four-particle system, these force centers define the vertexes of an Archimedean solid called a cuboctahedron. 
333 |a Режим доступа: по договору с организацией-держателем ресурса 
461 |t Journal of Physics A: Mathematical and Theoretical  |o Scientific Journal 
463 |t Vol. 40, iss. 20  |v [205206, 12 p.]  |d 2009 
610 1 |a электронный ресурс 
610 1 |a труды учёных ТПУ 
700 1 |a Akopyan (Hakobyan)  |b T. S.  |c physicist  |c Professor of Tomsk Polytechnic University, doctor of physical and mathematical sciences  |f 1965-  |g Tigran Stepanovich  |3 (RuTPU)RU\TPU\pers\35457  |9 18654 
701 1 |a Nersessian  |b A. P.  |c physicist  |c Professor of Tomsk Polytechnic University  |f 1964-  |g Armen Petrosovich  |3 (RuTPU)RU\TPU\pers\34605  |9 17967 
701 1 |a Yeghikyan  |b V.  |g Vahagn 
801 2 |a RU  |b 63413507  |c 20180305  |g RCR 
856 4 |u http://dx.doi.org/10.1088/1751-8113/42/20/205206 
942 |c CF